Ν. Σάββας - Γ. Κυρμιχάλης και η επιχείρηση Anglo : Ρόδος, Σεπτέμβριος 1942

Αποθηκεύτηκε σε:
Λεπτομέρειες βιβλιογραφικής εγγραφής
Κύριος συγγραφέας: Βρούχος, Γ.
Μορφή: Βιβλίο
Γλώσσα:Greek
Δημοσίευση: [χ.τ.] : [χ.ό.], 1996
Έκδοση:2η έκδ.
Θέματα:
Ετικέτες: Προσθήκη ετικέτας
Δεν υπάρχουν, Καταχωρήστε ετικέτα πρώτοι!

MARC

LEADER 00000nam a2200000 i 4500
001 1/11460
008 000912s1996 gre d
035 |l 10063840 
040 |a GR-MY-UA  |b gre  |e aacr 
041 0 |a gre 
082 0 |a 938.977 
100 1 |a Βρούχος, Γ. 
245 1 0 |a Ν. Σάββας - Γ. Κυρμιχάλης και η επιχείρηση Anglo :  |b Ρόδος, Σεπτέμβριος 1942 /  |c Γ. Βρούχου 
250 |a 2η έκδ. 
260 |a [χ.τ.] :   |b [χ.ό.],   |c 1996 
300 |a 72 σ.;  |c 24 cm 
651 0 |a Rhodes (Greece : Island)  |x History. 
852 |a INST  |b RHODES  |e 20000912  |h 938.977 ΒΡΟ  |p 005400013445  |q 005400013445  |t BK  |y 0 
901 |a BIBL4-2000-3 
909 |a Ρ  |b 078506 
922 |a 4ΔΩΡ  |b 200004 
970 |z 2000/09/ΣΟΦΙΑ